Fidel y la religión : (Record no. 15203)
[ view plain ]
| 000 -CABECERA | |
|---|---|
| campo de control de longitud fija | 00821cam a2200229 a 4500 |
| 001 - NÚMERO DE CONTROL | |
| campo de control | 000015651 |
| 005 - FECHA Y HORA DE LA ÚLTIMA TRANSACCIÓN | |
| campo de control | 20200929164115.0 |
| 008 - DATOS DE LONGITUD FIJA--INFORMACIÓN GENERAL | |
| campo de control de longitud fija | 060706s1985 cu 001 0 spa |
| 040 ## - FUENTE DE LA CATALOGACIÓN | |
| Centro catalogador/agencia de origen | DO-SdBNP |
| Lengua de catalogación | spa |
| Centro/agencia transcriptor | BNPHU |
| 082 ## - NÚMERO DE LA CLASIFICACIÓN DECIMAL DEWEY | |
| Número de clasificación | 261.7 |
| Número de documento/Ítem | B565f |
| 049 ## - FONDOS LOCALES (OCLC) | |
| Fondos de biblioteca | BNGR |
| 100 1# - ENTRADA PRINCIPAL--NOMBRE DE PERSONA | |
| Nombre de persona | Betto, Frei, |
| Fechas asociadas al nombre | 1944- |
| 9 (RLIN) | 35290 |
| 245 10 - MENCIÓN DE TÍTULO | |
| Título | Fidel y la religión : |
| Resto del título | conversaciones con Frei Betto / |
| Mención de responsabilidad, etc. | Frei Betto; edición Pedro Álvarez Tabío. |
| 260 ## - PUBLICACIÓN, DISTRIBUCIÓN, ETC. | |
| Lugar de publicación, distribución, etc. | La Habana : |
| Nombre del editor, distribuidor, etc. | Oficina de Publicaciones del Consejo de Estado, |
| Fecha de publicación, distribución, etc. | 1985. |
| 300 ## - DESCRIPCIÓN FÍSICA | |
| Extensión | 379 p. ; |
| Dimensiones | 21 cm. |
| 600 14 - PUNTO DE ACCESO ADICIONAL DE MATERIA--NOMBRE DE PERSONA | |
| Nombre de persona | CASTRO, FIDEL, |
| Fechas asociadas al nombre | 1927- |
| Subdivisión general | ENTREVISTAS |
| 9 (RLIN) | 35291 |
| 650 #4 - PUNTO DE ACCESO ADICIONAL DE MATERIA--TÉRMINO DE MATERIA | |
| Término de materia o nombre geográfico como elemento de entrada | Comunismo y religión |
| 9 (RLIN) | 3708 |
| 650 #4 - PUNTO DE ACCESO ADICIONAL DE MATERIA--TÉRMINO DE MATERIA | |
| Término de materia o nombre geográfico como elemento de entrada | Iglesia y estado |
| Subdivisión geográfica | Cuba |
| 9 (RLIN) | 35292 |
| 650 #4 - PUNTO DE ACCESO ADICIONAL DE MATERIA--TÉRMINO DE MATERIA | |
| Término de materia o nombre geográfico como elemento de entrada | Comunismo e iglesia católica |
| Subdivisión geográfica | Cuba |
| 9 (RLIN) | 35293 |
| 700 1# - PUNTO DE ACCESO ADICIONAL--NOMBRE DE PERSONA | |
| Nombre de persona | Álvarez Tabío, Pedro, |
| Término indicativo de función/relación | ed. |
| 9 (RLIN) | 35294 |
| 910 ## - DATOS DE OPCIÓN DEL USUARIO (OCLC) | |
| Datos de opción del usuario | Catalogación derivada |
| Estado de retiro | Estado de pérdida | Restricciones de uso | No para préstamo | Código de colección | Localización permanente | Ubicación/localización actual | Ubicación en estantería | Fecha de adquisición | Número de inventario | Total de préstamos | Signatura topográfica completa | Código de barras | Fecha visto por última vez | Precio válido a partir de | Tipo de ítem Koha | Número de copia |
|---|---|---|---|---|---|---|---|---|---|---|---|---|---|---|---|---|
| Préstamo interno | Monografías: Libros y Folletos | General | General | Depósito | 16.02.2010 | LF1 | 261.7 B565f | 15651-10 | 25.06.2020 | 25.06.2020 | Préstamo interno | |||||
| Préstamo interno | Préstamo restrigido | Monografías: Libros y Folletos | General | General | En catalogación | 16.02.2010 | LF1 | 261.7 B565f | 15651-20 | 25.06.2020 | 25.06.2020 | Préstamo interno | e. 2 |
